000 00842nas a2200313 4500
001 BR7803017
003 BR-BrBNA
005 20231205083431.0
007 ta
008 230509b bl.|||p| |||| 00| 00por d
040 _aBR-BrBNA
_bpor
_cBiblioteca Nacional de Agricultura
041 _a(Pt)
072 _aL73
100 1 _aGoncalves, E.I.
100 1 _aArita, G.M.
100 1 _aSouza, J.V.L.
100 1 _aSiqueira, S.B.
100 1 _aBarbosa, E.D.
245 1 _aInfeccao de camundongos por virus da febre aftosa, via oral
650 _aDOENCA ANIMAL
650 _aRATO
650 _aLABORATORIO
650 _aINFECCAO
650 _aVIRUS
650 _aAFTOSA
773 0 _tCientifica (Brazil)
_xISSN 0100-0039
_g(1977), v. 5(2) p. 220-222
_wBR7803017
909 _a202311
_bLúcia
_c55
_dLúcia Elande
942 _2AGRIS
_n0
_cANA
999 _c98722
_d98722